[Event "German Masters 2017"]
[Site "Dresden GER"]
[Date "2017.08.05"]
[Round "6.1"]
[White "Heimann, Andreas"]
[Black "Bluebaum, Matthias"]
[Result "1/2-1/2"]
[WhiteTitle "GM"]
[BlackTitle "GM"]
[WhiteElo "2591"]
[BlackElo "2642"]
[WhiteFideId "24624632"]
[BlackFideId "24651516"]
[EventDate "2017.07.31"]

1. e4 e6 2. d4 d5 3. Nc3 Nf6 4. e5 Nfd7 5. f4 c5 6. Nf3 Nc6 7. Be3 a6 8. Qd2 b5
9. a3 Qa5 10. dxc5 Bxc5 11. Bxc5 Nxc5 12. Nd4 Qb6 13. Nxc6 Qxc6 14. b4 Ne4 15.
Nxe4 dxe4 16. Rc1 O-O 17. c4 bxc4 18. Qe3 a5 19. Rxc4 Qd7 20. b5 Bb7 21. Rc5
Rac8 22. Be2 Rxc5 23. Qxc5 e3 24. Qxe3 Bxg2 25. Rg1 Bd5 26. Rg3 f6 27. exf6 Rxf6
28. Qd4 Qe7 29. Bc4 Rf5 30. Rg5 Bxc4 31. Qxc4 Rf8 32. Rg3 Qd6 33. Qc3 Qd7 34.
Qc6 Qf7 35. Qd6 e5 36. Qxe5 Kh8 37. Qd4 Qe7+ 38. Kf2 Rd8 39. Qe5 Qf7 40. Kg2 h6
41. Kh3 Qd7+ 42. Kh4 Rf8 43. Rg6 Kh7 44. f5 Rc8 45. Rg3 Rc2 46. Kh3 Rf2 47. Qe6
Qb7 48. Qg6+ Kh8 49. b6 Rf3 50. a4 Rxg3+ 51. Kxg3 Qe4 52. Qe6 Qd3+ 53. Kg4 Qd1+
54. Kg3 Qd3+ 55. Kh4 Qd2 56. Kg4 Qd1+ 57. Kf4 Qd4+ 58. Kf3 Qd3+ 59. Kf2 Qd2+ 60.
Kf3 Qd3+ 61. Kf2 Qd2+ 62. Qe2 Qf4+ 63. Qf3 Qd2+ 64. Kf1 Qc1+ 65. Kg2 Qb2+ 66.
Qf2 Qb4 67. h3 Qxa4 68. b7 Qb5 69. Qf3 a4 70. f6 Qg5+ 71. Kf1 Qc1+ 72. Kf2 Qd2+
73. Qe2 Qf4+ 74. Kg2 Qg5+ 75. Kh2 Qf4+ 76. Kh1 Qc1+ 77. Kg2 Qg5+ 78. Kf2 Qf4+
79. Qf3 Qd2+ 80. Kg1 Qc1+ 81. Kg2 Qg5+ 82. Kh2 Qd2+ 83. Qg2 Qf4+ 84. Kh1 Qc1+
85. Kh2 Qf4+ 86. Kg1 Qc1+ 87. Qf1 Qe3+ 88. Qf2 Qg5+ 89. Kh2 Qe5+ 90. Kg1 Qg5+ 1/2-1/2

[Event "German Masters 2017"]
[Site "Dresden GER"]
[Date "2017.08.05"]
[Round "6.2"]
[White "Buhmann, Rainer"]
[Black "Huschenbeth, Niclas"]
[Result "1/2-1/2"]
[WhiteTitle "GM"]
[BlackTitle "GM"]
[WhiteElo "2580"]
[BlackElo "2585"]
[WhiteFideId "4651340"]
[BlackFideId "24604747"]
[EventDate "2017.07.31"]

1. d4 d5 2. c4 dxc4 3. Nf3 Nf6 4. e3 Bg4 5. Bxc4 e6 6. h3 Bh5 7. Nc3 Nc6 8. Bb5
Bd6 9. e4 Bb4 10. Qa4 O-O 11. Bxc6 Bxc3+ 12. bxc3 bxc6 13. Nd2 c5 14. O-O Qd7
15. Qxd7 Nxd7 16. f3 cxd4 17. cxd4 c5 18. dxc5 Nxc5 19. Nb3 Nd3 20. Rd1 Rfd8 21.
Be3 f5 22. exf5 exf5 23. Rd2 Nb4 24. Rxd8+ Rxd8 25. Bxa7 Ra8 26. Bc5 Nxa2 27.
Nd4 Bg6 28. Nc6 Ra6 29. Ne5 Be8 30. Rb1 Nc3 31. Rb8 Re6 32. Nc4 Nb5 33. Ne3 Re5
34. Bb6 f4 35. Nc4 Re6 36. Nd2 Kf7 37. Bc5 g5 38. Ne4 h6 39. Rd8 Bc6 40. Nd6+
Nxd6 41. Rxd6 1/2-1/2

[Event "German Masters 2017"]
[Site "Dresden GER"]
[Date "2017.08.05"]
[Round "6.3"]
[White "Nisipeanu, Liviu-Dieter"]
[Black "Bindrich, Falko"]
[Result "1/2-1/2"]
[WhiteTitle "GM"]
[BlackTitle "GM"]
[WhiteElo "2683"]
[BlackElo "2585"]
[WhiteFideId "1202758"]
[BlackFideId "4676670"]
[EventDate "2017.07.31"]

1. e4 e5 2. Nf3 Nc6 3. Bb5 Nf6 4. d3 Bc5 5. Bxc6 dxc6 6. Nbd2 Nd7 7. Nf1 O-O 8.
g4 Bb4+ 9. Bd2 Bxd2+ 10. Qxd2 Qf6 11. Qe3 Qf4 12. Rg1 Qxe3+ 13. fxe3 c5 14. N1d2
Re8 15. a4 Nb8 16. Nc4 Nc6 17. g5 b6 18. Ke2 Ba6 19. b3 Re6 20. h4 Rf8 21. Rg3
Kh8 22. Rf1 Bxc4 23. bxc4 h5 24. Ng1 Kg8 25. Kd2 a5 26. Ne2 Nb8 27. Rg2 Nd7 28.
Ng3 g6 29. Ne2 Kg7 30. Ng1 Rd6 31. Rgf2 Re6 32. Ke2 Rd6 33. Nh3 Re6 34. Rf3 Rd6
35. R1f2 Re6 36. Rf1 Rd6 37. R3f2 Re6 38. Ke1 Rd6 39. Rf3 Re6 40. Kd2 Rd6 41.
Ke2 Re6 1/2-1/2

[Event "German Masters 2017"]
[Site "Dresden GER"]
[Date "2017.08.05"]
[Round "6.4"]
[White "Svane, Rasmus"]
[Black "Meier, Georg"]
[Result "1-0"]
[WhiteTitle "GM"]
[BlackTitle "GM"]
[WhiteElo "2583"]
[BlackElo "2644"]
[WhiteFideId "4657101"]
[BlackFideId "4675789"]
[EventDate "2017.07.31"]

1. d4 Nf6 2. c4 e6 3. Nf3 d5 4. Nc3 dxc4 5. e4 Bb4 6. Bxc4 Nxe4 7. O-O Nf6 8.
Qa4+ Nc6 9. Ne5 a5 10. d5 exd5 11. Nxc6 bxc6 12. Nxd5 Nxd5 13. Qxc6+ Bd7 14.
Qxd5 O-O 15. Bg5 Qc8 16. Rac1 Bd6 17. Qd4 Rb8 18. b3 a4 19. Bf4 Bxf4 20. Qxf4
axb3 21. Bxb3 Rb7 22. Rfe1 c5 23. Qd6 Qc7 24. Qxc7 Rxc7 25. Re7 Re8 26. Rxf7 c4
27. Rxd7 Rxd7 28. Bxc4+ Kf8 29. Bb5 Rd2 30. Bxe8 Kxe8 31. Ra1 1-0

[Event "German Masters 2017"]
[Site "Dresden GER"]
[Date "2017.08.06"]
[Round "7.1"]
[White "Meier, Georg"]
[Black "Heimann, Andreas"]
[Result "1-0"]
[WhiteTitle "GM"]
[BlackTitle "GM"]
[WhiteElo "2644"]
[BlackElo "2591"]
[WhiteFideId "4675789"]
[BlackFideId "24624632"]
[EventDate "2017.07.31"]

1. d4 Nf6 2. c4 g6 3. Nc3 d5 4. Bf4 Bg7 5. e3 O-O 6. cxd5 Nxd5 7. Nxd5 Qxd5 8.
Bxc7 Na6 9. Bxa6 Qxg2 10. Qf3 Qxf3 11. Nxf3 bxa6 12. Rc1 f6 13. Rg1 Rf7 14. Ba5
e6 15. Nd2 Bb7 16. Nc4 e5 17. Nd6 Rd7 18. dxe5 fxe5 19. Nxb7 Rxb7 20. b3 Rb5 21.
Bc7 Rc8 22. Ke2 a5 23. Rg4 Rb7 24. Rgc4 a4 25. b4 e4 26. Bd6 Rxc4 27. Rxc4 Rd7
28. Bc5 a3 29. Rxe4 Bc3 30. b5 Rd2+ 31. Kf3 Rxa2 32. Re8+ Kf7 33. Re7+ Kf6 34.
Rxa7 Be1 35. e4 Rb2 36. Bd4+ Kg5 37. h4+ Kxh4 38. Bf6+ 1-0

[Event "German Masters 2017"]
[Site "Dresden GER"]
[Date "2017.08.06"]
[Round "7.2"]
[White "Bindrich, Falko"]
[Black "Svane, Rasmus"]
[Result "1/2-1/2"]
[WhiteTitle "GM"]
[BlackTitle "GM"]
[WhiteElo "2585"]
[BlackElo "2583"]
[WhiteFideId "4676670"]
[BlackFideId "4657101"]
[EventDate "2017.07.31"]

1. d4 d5 2. c4 c6 3. Nf3 Nf6 4. e3 Bf5 5. Nc3 a6 6. Be2 h6 7. Bd3 Bxd3 8. Qxd3
e6 9. O-O Bb4 10. Bd2 O-O 11. a3 Bxc3 12. Bxc3 Nbd7 13. Rfd1 Ne4 14. Be1 f5 15.
Nd2 Ndf6 16. f3 Nd6 17. Bf2 Qe7 18. Rf1 Rad8 19. Qc2 Kh8 20. Rae1 Rd7 21. b3
Rdd8 22. a4 Rc8 23. Qb1 Qd7 24. Rc1 Rce8 25. Qb2 Nf7 26. Bh4 Nd6 27. Rce1 Kg8
28. c5 Nc8 29. b4 Nh5 30. f4 Nf6 31. Bxf6 gxf6 32. b5 axb5 33. axb5 Na7 34. b6
Nb5 35. Nf3 Kh7 36. Nd2 Rg8 37. Nb1 Qg7 38. Qc2 Ra8 39. Re2 Ra6 40. Nc3 Nxc3 41.
Qxc3 Rga8 42. Qe1 Qg4 43. Qf2 Ra1 44. Rxa1 Rxa1+ 45. Re1 1/2-1/2

[Event "German Masters 2017"]
[Site "Dresden GER"]
[Date "2017.08.06"]
[Round "7.3"]
[White "Huschenbeth, Niclas"]
[Black "Nisipeanu, Liviu-Dieter"]
[Result "1/2-1/2"]
[WhiteTitle "GM"]
[BlackTitle "GM"]
[WhiteElo "2585"]
[BlackElo "2683"]
[WhiteFideId "24604747"]
[BlackFideId "1202758"]
[EventDate "2017.07.31"]

1. e4 c6 2. Nc3 d5 3. Nf3 dxe4 4. Nxe4 Nf6 5. Qe2 Bg4 6. h3 Bh5 7. Nxf6+ gxf6 8.
d3 e6 9. Bd2 Na6 10. a3 Nc7 11. g4 Bg6 12. O-O-O Nb5 13. Qe3 Qb6 14. Qxb6 axb6
15. Nh4 Bc5 16. f4 Bf2 17. Nxg6 hxg6 18. c3 Nc7 19. Bg2 Nd5 20. Bxd5 exd5 21. f5
Kd7 22. Rhf1 Bh4 23. c4 d4 24. g5 Raf8 25. gxf6 Bxf6 26. fxg6 fxg6 27. Rf3 Bg5
28. Rdf1 Bxd2+ 29. Kxd2 Rxf3 30. Rxf3 Ke6 31. Ke2 Rh5 32. Rg3 Kf6 33. Rf3+ Ke6
34. Rg3 Kf6 35. Rf3+ Ke6 1/2-1/2

[Event "German Masters 2017"]
[Site "Dresden GER"]
[Date "2017.08.06"]
[Round "7.4"]
[White "Bluebaum, Matthias"]
[Black "Buhmann, Rainer"]
[Result "1/2-1/2"]
[WhiteTitle "GM"]
[BlackTitle "GM"]
[WhiteElo "2642"]
[BlackElo "2580"]
[WhiteFideId "24651516"]
[BlackFideId "4651340"]
[EventDate "2017.07.31"]

1. c4 e6 2. Nc3 d5 3. d4 c6 4. e3 Nf6 5. Nf3 Nbd7 6. Be2 dxc4 7. a4 Bd6 8. Nd2
O-O 9. Nxc4 Bc7 10. b3 Nb6 11. Ba3 Nxc4 12. Bxc4 Bd6 13. O-O Bxa3 14. Rxa3 Qe7
15. Ra2 e5 16. d5 cxd5 17. Nxd5 Nxd5 18. Qxd5 Bf5 19. Qf3 g6 20. Rd2 Rad8 21.
Rfd1 Rxd2 22. Rxd2 Rd8 23. Rxd8+ Qxd8 24. e4 Be6 25. Bxe6 fxe6 26. g3 Qd2 27.
Kf1 Kg7 28. Qe2 Qd4 29. Qc2 Kf6 30. h4 Qa1+ 31. Ke2 Qd4 32. Qd3 Qxd3+ 33. Kxd3
Ke7 34. Kc4 Kd6 35. Kb5 h6 36. a5 g5 37. hxg5 hxg5 38. f3 Kc7 39. Kc5 Kd7 40. b4
Kc7 1/2-1/2